00444nam a2200157Ia 4500003000400000005001700004008004100021020002900062040001700091082002100108100002000129245007100149260002700220300001500247650002400262IIN20250507130854.0231217s9999 xx ad 000 0 eng d cRs.340.00a9788123927114 aIINbEnglish a150 bGOW1 aGowda, Krishna 1 aEssentials of Psychologybfor BSc Nursing Students/cKrishna Gowda aNew DelhibCBSPDc2017 axvi, 343p.1 aPsychologyvNursing